Geography of agriculture ; themes in research /

Bibliographic Details
Main Author: Gregor, Howard F.
Format: Book
Language:English
Published: Englewood Cliffs, N.J. : Prentice-Hall, [1970]
Series:Prentice-Hall foundations of economic geography series.
Subjects:

MARC

Tag First Indicator Second Indicator Subfields
LEADER 00000cam a2200000 4500
001 in00000238213
005 20151010050307.0
008 701120s1970 njuab b 00110 eng
010 |a  73127855  
020 |a 0133513203  |c $2.95 
035 |a (OCoLC)00100419 
035 |9 ABA8761AM 
040 |a DLC  |c DLC  |d TXA  |d UtOrBLW 
049 |a TXAM  |c 1 [856379]  |c 2 [1206288] 
050 0 0 |a S439  |b .G783 
082 0 |a 333.7/6 
100 1 |a Gregor, Howard F. 
245 1 0 |a Geography of agriculture ;  |b themes in research /  |c [by] Howard F. Gregor. 
264 1 |a Englewood Cliffs, N.J. :  |b Prentice-Hall,  |c [1970] 
300 |a ix, 181 pages :  |b illustrations, maps. ;  |c 23 cm. 
336 |a text  |b txt  |2 rdacontent 
337 |a unmediated  |b n  |2 rdamedia 
338 |a volume  |b nc  |2 rdacarrier 
490 1 |a Prentice-Hall foundations of economic geography series 
504 |a Includes bibliographical references. 
650 0 |a Agricultural geography. 
830 0 |a Prentice-Hall foundations of economic geography series. 
999 |a MARS 
999 f f |s 06944712-decd-34b6-bf72-aac419b5f47c  |i 15e811d5-512c-3669-a168-2956b0001b77  |t 0 
952 f f |p ric  |a Texas A&M University  |b Rellis Campus  |c Joint Library Facility  |d Remote Storage  |t 0  |e S439 .G783  |h Library of Congress classification  |i unmediated -- volume  |m A14805172930 
998 f f |a S439 .G783  |t 0  |l Remote Storage